000 00680nam a2200205Ii 4500
003 JO-AjNU
008 230605s9999||||xx |||||||||||||| ||und||
017 _a2007/7/2324
040 _aJO-AjNU
_bara
_erda
_cJO-AjNU
041 _aara
050 1 4 _aBP161.3.K43 2007
100 3 _aالخياط، عبد العزيز عزت,
_eauthor
_953233
245 0 0 _aقبسات من نور الإسلام بحوث متنوعة
264 3 1 _aعمان: الدار المتقدمة للنشر، 2007
300 _a192ص
336 _atext
_btxt
_2rdacontent
337 _aunmediated
_bn
_2rdamedia
338 _avolume
_bnc
_2rdacarrier
650 4 _aالثقافة الاسلامية
_953234
999 _aA23629
_c27197
_d27197